Länder mit Lidl - Statistiken

Allgemein
  • Dieses Quiz wurde 238 mal gespielt
  • Das Durchschnittsergebnis liegt bei 26 aus 31
Antwortstatistiken
Lidl-Land % Korrekt
Deutschland
100%
Spanien
95%
Frankreich
94%
Österreich
94%
Polen
94%
Belgien
93%
Schweiz
93%
Portugal
92%
Schweden
92%
Dänemark
91%
Niederlande
90%
Italien
89%
Finnland
87%
Vereinigtes Königreich
87%
Luxemburg
86%
Slowenien
85%
Tschechien
85%
Vereinigte Staaten
85%
Slowakei
84%
Kroatien
83%
Ungarn
83%
Griechenland
81%
Irland
80%
Lettland
80%
Bulgarien
79%
Estland
79%
Rumänien
79%
Serbien
79%
Litauen
78%
Malta
58%
Zypern
58%
Keine übereinstimmenden Quizze gefunden
Verteilung der Resultate
Anzahl Personen mit jedem Resultat
Perzentil nach korrekt beantworteten Fragen
Ihre Resultats-Entwicklung
Sie haben dieses Quiz noch nicht gespielt